1394 1766 1791 1718 1184 1082 1707 1986 1300 1589 1214 1165 1311 1157 1682 1118 1423 1433 1028 1575 1867 1282 1475 1954 1863 1009 1202 1498 1987 1996 1162 1745 1998 1801 1329 1238 1033 1770 1788 1283 1265 1726 1468 1981 1879 1123 1089 1628 1046 1113 1804 1571 1872 1346 1063 1309 1923 1796 1259 1845 1753 1180 1836 1931 1236 1256 1396 1878 1167 1928 1854 1560 1272 1165 1132 1670 1978 1728 1659 1694 1703 1936 1778 1366 1037 1175 1530 1666 1090 1334 1842 1107 1855 1632 1494 1408 1276 1295 1156 BCNSPRNW ULIB Ver.6.0+V

เปลี่ยนเป็นภาษาไทย

Change to English
 แสดงรายละเอียดบรรณานุกรม
  กลับหน้าหลัก

Brief Record : Get Marc (ISO 2709) : E-mail record : QR code < ปิดหน้าต่าง
LEADER : 00000nam 2200000uu 4500
001    13399122904
003     ULIB
008    131029s||||||||th 000 0 tha d
020    ^a0702031526 (paperback) ^c^58.95
020    ^a9780702031526 (paperback)
060  4 WY100^bA377
245 10 ^aAlexander's nursing practice : ^bwith pageburst access, 4e / ^cChris Brooker and Maggie Nicol.
250    ^a4th ed.
260    ^a[S.l.] : ^bChurchill Livingstone, ^c2011.
300    ^a996 p. ; ^c28 cm.
520    ^aThis title is now available under ISBN 9780702031526. The most comprehensive UK Adult Nursing core text, now in its fourth edition, for the next generation of nurses. This best-selling textbook has been fully revised by a team of experienced nurses for nurses focusing on the issues that are important to them. It provides a comprehensive source of the knowledge and skills required for competent, evidence-based nursing practice. High quality nursing care is patient-centred, knowledgeable and based on the best available evidence. This book will help you to achieve that. Printed book plus PageburstT access - you will receive a printed book and access to the complete book content electronically. PageburstT enhances learning by not only bringing world class content to your fingertips but also letting you add to it, annotate it, and categorize it all in a way that suits you. PageburstT frees you to spend more time learning and less time searching. Key nursing issues summarise each chapter and enable you to check your understanding Interactive Reflection and Evidence-based practice boxes help make links between theory and practice A Reflection and Learning feature in each chapter to help you consider your learning and professional development and how you can use it to enhance patient/client care Now in full colour A customisable electronic version of the book, which makes searching for information easy and accessible An exciting companion website including: Self-test quiz questions with full explanations with the answers Critical-thinking questions with outline answers Full colour photographs, diagrams, tables and care plans Hyper-linked references All the images from the book Increased prominence of nursing and health promotion.
700 1  ^aRNT, Chris Brooker BSc MSc RGN SCM
700 1  ^aRGN, Maggie Nicol BSc(Hons) MSc PGDipEd.
945    ^p58^l0^i034122
999    ^aเกษร โพธิ์สุวรรณ
รายการนี้ยังไม่มีแท็ก
คุณยังไม่ได้ล็อกอิน คุณสามารถมีกิจกรรมร่วมกับเว็บไซต์ได้ แต่ต้องล็อกอินก่อน ::
  ล็อกอิน

รายการสื่อสารสนเทศ

ลำดับที่ ประเภท เลขเรียก/บาร์โค้ด สถานที่ สถานะ
1. Book การพยาบาล
Book การพยาบาล
WY100 A377  
  Barcode: 034122
ห้องสมุดวิทยาเขตสวรรค์ประชารักษ์
►หนังสือทั่วไป
บนชั้น

BibComment


ยังไม่เคยถูกคอมเมนท์

คอมเมนท์ทรัพยากรรายการนี้
  คอมเมนท์: Alexanders nursi..


 Copyright 2026. Bcnsprnw @Library